000 00278nam a22001337a 4500
008 170426b xxu||||| |||| 00| 0 eng d
020 _a9780801627286
041 _aeng
080 _a54
100 _a12
101 _aSHM
245 _aCHEMISTRY
_cKELTER.P.B
942 _2udc
_cBK
999 _c12086
_d12086